| 000 | 00578nam a2200193 a 4500 | ||
|---|---|---|---|
| 005 | 20250320063803.0 | ||
| 008 | 030602s2000 mx r 000 0 spa d | ||
| 020 | _a9681906586 | ||
| 035 | _aUPN01000124875 | ||
| 049 | _aCG | ||
| 050 | 4 |
_aCR115 M6 _bF5.2 |
|
| 100 | 1 |
_aFlorescano, Enrique, _d1937- _927909 |
|
| 245 | 1 | 3 |
_aLa bandera méxicana : _bbreve historia de su formación y simbolismo / _cEnrique Florescano. |
| 260 |
_aMéxico : _bTaurus, _c2000. |
||
| 300 |
_a180 p. _bil. |
||
| 650 | 4 |
_aBANDERAS - _zMEXICO _98668 |
|
| 650 | 4 |
_aEmblemas Nacionales _9304 |
|
| 905 | _aLibro | ||
| 999 |
_c97054 _d97054 |
||